| 000 | 00782nam a22001937a 4500 | ||
|---|---|---|---|
| 999 |
_c16965 _d16965 |
||
| 003 | AR-CdUCM | ||
| 008 | 190506b ||||| |||| 00| 0 sap d | ||
| 040 |
_aMUNICIPALIDAD PROVINCIAL DEL CUSCO _cBIBLIOTECA MUNICIPAL DEL CUSCO |
||
| 082 |
_a331.09 / _bA34 |
||
| 100 |
_aAlba, Victor. _935937 |
||
| 245 | _aHistoria del movimiento obrero en América Latina / | ||
| 260 |
_aMéxico : _bLibreros mexicanos unidos, _c1964. |
||
| 300 |
_a598 páginas ; _c23 cm. |
||
| 505 | _aContenido :Los antecedentes -- Los movimientos políticos obreros -- El movimiento comunista -- El movimiento socialista -- Las organizaciones sindicales continentales ... | ||
| 650 |
_aHistoria del Cusco. _91714 |
||
| 650 |
_aMaravilla del mundo. _924561 |
||
| 942 |
_2ddc _cLIBROS |
||
| 945 |
_arum _d2019-05-06 |
||